000 00588nam a22001937a 4500
005 20251108165452.0
008 250721s1990 xx 000 0 ara d
082 1 4 _aم/028.1/أحم
100 1 _aالشنواني، أحمد محمد
245 1 0 _aكتب غيرت الفكر الإنساني /
264 1 _aالقاهره :
_bالهيئة المصرية العامة للكتاب،
_c1990.
300 _a
490 0 _aالالف كتاب الثاني ؛88
650 1 7 _aالكتب
650 1 7 _aالقراءة
650 1 7 _aالنقد
942 _2ddc
_cREF
999 _c28677
_d28677